Central European journal for operations research and economics
Gespeichert in:
| Format: | Schriftenreihe |
|---|---|
| Sprache: | Englisch |
| Veröffentlicht: |
Bratislava
Profis
|
| Schlagworte: | |
| Tags: |
Keine Tags, Fügen Sie das erste Tag hinzu!
|
MARC
| LEADER | 00000nas1a22000001 4500 | ||
|---|---|---|---|
| 001 | s120107 | ||
| 005 | 20230425083655.1 | ||
| 022 | |a 1210-0269 | ||
| 041 | 0 | |a eng | |
| 044 | |a SK | ||
| 245 | 1 | 0 | |a Central European journal for operations research and economics |
| 264 | 1 | |a Bratislava |b Profis | |
| 500 | |a Od 1.1.1999 vychádza pod názvom Central European journal for operations research, ISSN 1435-246X | ||
| 610 | 2 | 0 | |a ekonómia matematická |
| 610 | 2 | 0 | |a výskum operačný |
| 610 | 2 | 0 | |a modely ekonomicko-matematické |